{"text_format":"3","workbook":"xlsx","n_sheets":2,"sheets":["SUMMARY","MATERIAL TAKE-OFF"],"not_rendered":{"charts":1,"images":2,"defined_names":5},"read":"whole","date_system":"1900"}

{"sheet":"SUMMARY","index":0,"n_rows":18,"n_cols":4,"rows_kept":18,"merged":[[12,0,12,1],[13,0,13,3],[17,0,17,1]]}
[]
["Project ID:"]
[]
["Address:"]
[]
["No. of Floors:"]
[]
["Building GSF"]
[]
["DIVISION NO.","DESCRIPTION","TOTAL DIV. COST","TOTAL DIV. COST (PER SF)"]
[1000,"Overhead and Preliminaries",{"$f":"'MATERIAL TAKE-OFF'!L13","v":{"v":7100,"d":"$7,100"}},{"$f":"C11/$B$8","v":{"$error":"#DIV/0!"}}]
[23000,"Site Development",{"$f":"'MATERIAL TAKE-OFF'!L70","v":{"v":113256.80316464999,"d":"$113,257"}},{"$f":"C12/$B$8","v":{"$error":"#DIV/0!"}}]
["SUBTOTAL CONSTRUCTION COST",null,{"$f":"SUM(C11:C12)","v":{"v":120356.80316464999,"d":"$120,357"}},{"$f":"SUM(D11:D12)","v":{"$error":"#DIV/0!"}}]
[]
["PROFIT",{"v":0.15,"d":"15%"},{"$f":"$C$13*B15","v":{"v":18053.520474697496,"d":"$18,054"}},{"$f":"$D$13*B15","v":{"$error":"#DIV/0!"}}]
["TOTAL PROJECT COST",null,{"$f":"C15+C13","v":{"v":138410.32363934748,"d":"$138,410"}},{"$f":"$D$13*B16","v":{"$error":"#DIV/0!"}}]
["GST",{"v":0.1,"d":"10%"},{"$f":"C16*B17","v":{"v":13841.032363934748,"d":"$13,841"}},{"$f":"$D$13*B17","v":{"$error":"#DIV/0!"}}]
["TOTAL PROJECT COST INCL. GST",null,{"$f":"SUM(C16:C17)","v":{"v":152251.35600328224,"d":"$152,251"}},{"$f":"SUM(D13:D17)","v":{"$error":"#DIV/0!"}}]

{"sheet":"MATERIAL TAKE-OFF","index":1,"n_rows":87,"n_cols":13,"rows_kept":87,"merged":[[2,6,2,7],[2,8,2,9],[3,6,3,7],[3,8,3,9],[4,6,4,7],[4,8,4,9],[5,6,5,7],[5,8,5,9],[6,6,6,7],[6,8,6,9],[7,6,7,7],[7,8,7,9],[10,1,10,10],[14,1,14,10],[15,1,18,1],[20,1,52,1],[54,1,68,1],[70,0,70,8],[71,0,71,9],[72,0,72,9],[73,0,73,9],[74,0,74,9],[75,0,75,8],[77,1,77,10]]}
[]
[]
["Project: ",{"$f":"SUMMARY!B2","v":0}]
[]
["Address:",{"$f":"SUMMARY!B4","v":0}]
[]
["Scope:","SITE DEVELOPMENT"]
[]
["Date:",{"$f":"TODAY()","v":"2025-12-23"}]
["SR #","REF. SHEET #","DESCRIPTION","QUANTITY","UNIT","LABOR RATE","TOTAL LABOUR COST","MATERIAL RATE","TOTAL MATETRIAL COST","EQUIPMENT RATE","TOTAL EQUIPMENT COSTS","SUB COST","NOTE / REMARKS"]
[null,"01. OVERHEAD AND PREMLIMINARIES"]
[1,null,"Overhead and Preliminaries",1,"LS",{"v":4450,"d":"$4,450.00"},{"$f":"D12*F12","v":{"v":4450,"d":"$4,450.00"}},{"v":2650,"d":"$2,650.00"},{"$f":"D12*H12","v":{"v":2650,"d":"$2,650.00"}},{"v":0,"d":"$0.00"},{"$f":"D12*J12","v":{"v":0,"d":"$0.00"}},{"$f":"IF(D12=\"\",\"\",(G12+I12+K12))","v":{"v":7100,"d":"$7,100.00"}}]
[{"$f":"IF(E13=0,\"\",1+MAX(A12:A12))","v":""},{"$nulls":9},"SUBTOTAL",{"$f":"SUM(L11:L12)","v":{"v":7100,"d":"$7,100.00"}}]
[{"$f":"IF(E14=0,\"\",1+MAX(#REF!))","v":""}]
[{"$f":"IF(E15=0,\"\",1+MAX(A14:A14))","v":""},"23. SITE DEVELOPMENT"]
[{"$f":"IF(E16=0,\"\",1+MAX(A14:A15))","v":""},"L-102","Site Demolition"]
[{"$f":"IF(E17=0,\"\",1+MAX(A11:A16))","v":2},null,"Remove Conc.Kerb",20.47,"M",{"v":7.85,"d":"$7.85"},{"$f":"D17*F17","v":{"v":160.68949999999998,"d":"$160.69"}},{"v":0,"d":"$0.00"},{"$f":"D17*H17","v":{"v":0,"d":"$0.00"}},{"v":0,"d":"$0.00"},{"$f":"D17*J17","v":{"v":0,"d":"$0.00"}},{"$f":"IF(D17=\"\",\"\",(G17+I17+K17))","v":{"v":160.68949999999998,"d":"$160.69"}}]
[{"$f":"IF(E18=0,\"\",1+MAX(A12:A17))","v":""},null,"RELOCATE"]
[3,null,"Relocate Existing Boulders",{"v":32,"d":"32.00"},"EA",{"v":45.5,"d":"$45.50"},{"v":1456,"d":"$1,456.00"},{"v":0,"d":"$0.00"},{"v":0,"d":"$0.00"},{"v":0,"d":"$0.00"},{"$f":"D19*J19","v":{"v":0,"d":"$0.00"}},{"$f":"IF(D19=\"\",\"\",(G19+I19+K19))","v":{"v":1456,"d":"$1,456.00"}}]
["",null,"HardScapes"]
[4,"L-101\nL-102","PT1: Plain Grey Conc. w/\nSL72 Mesh\nMaterials: 100mm Depth Grey Conc.\nColour: Natural",{"v":16.8,"d":"16.80"},"M2",{"v":15.1125,"d":"$15.11"},{"v":253.89000000000001,"d":"$253.89"},{"v":32.5,"d":"$32.50"},{"v":546,"d":"$546.00"},{"v":0,"d":"$0.00"},{"v":0,"d":"$0.00"},{"v":799.89,"d":"$799.89"}]
[5,null,"Subgrade: 100mm Compacted To Achieve 97% Modified MDD",{"v":16.8,"d":"16.80"},"M2",{"v":7.6725,"d":"$7.67"},{"v":128.89800000000002,"d":"$128.90"},{"v":16.5,"d":"$16.50"},{"v":277.2,"d":"$277.20"},{"v":0,"d":"$0.00"},{"v":0,"d":"$0.00"},{"v":406.098,"d":"$406.10"}]
[6,null,"PT2 Coloured Conc. w/ SL72 Mesh\nMaterials: 100mm Depth Integrally Coloured Grey Concrete.\nColour: Lemongrass",584.73,"M2",{"v":16.0425,"d":"$16.04"},{"v":9380.531025,"d":"$9,380.53"},{"v":34.5,"d":"$34.50"},{"v":20173.185,"d":"$20,173.19"},{"v":0,"d":"$0.00"},{"v":0,"d":"$0.00"},{"v":29553.716025,"d":"$29,553.72"}]
[7,null,"PT2 Coloured Conc. w/ SL72 Mesh\nMaterials: 100mm Depth Integrally Coloured Grey Concrete.\nColour:Cobalt Blue",91.11,"M2",{"v":16.5075,"d":"$16.51"},{"v":1503.998325,"d":"$1,504.00"},{"v":35.5,"d":"$35.50"},{"v":3234.405,"d":"$3,234.41"},{"v":0,"d":"$0.00"},{"v":0,"d":"$0.00"},{"v":4738.403325,"d":"$4,738.40"}]
[8,null,"Subgrade: 100mm Compacted To Achieve 97% Modified MDD",{"v":676,"d":"676.00"},"M2",{"v":7.6725,"d":"$7.67"},{"v":5186.610000000001,"d":"$5,186.61"},{"v":16.5,"d":"$16.50"},{"v":11154,"d":"$11,154.00"},{"v":0,"d":"$0.00"},{"v":0,"d":"$0.00"},{"v":16340.61,"d":"$16,340.61"}]
[9,null,"Streetbond Applied Finish\r\nColour: Safety Blue",{"v":159,"d":"159.00"},"M2",{"v":13.252500000000001,"d":"$13.25"},{"v":2107.1475,"d":"$2,107.15"},{"v":28.5,"d":"$28.50"},{"v":4531.5,"d":"$4,531.50"},{"v":0,"d":"$0.00"},{"v":0,"d":"$0.00"},{"v":6638.6475,"d":"$6,638.65"}]
[10,null,"Painted Handball Courts\r\nStreetbond Applied Finish, Colour: White",281.98,"M",{"v":21.157500000000002,"d":"$21.16"},{"v":5965.991850000001,"d":"$5,965.99"},{"v":45.5,"d":"$45.50"},{"v":12830.09,"d":"$12,830.09"},{"v":0,"d":"$0.00"},{"v":0,"d":"$0.00"},{"v":18796.081850000002,"d":"$18,796.08"}]
[11,null,"Expansion Joint",27.14,"M",{"v":3.65025,"d":"$3.65"},{"v":99.06778500000001,"d":"$99.07"},{"v":7.85,"d":"$7.85"},{"v":213.049,"d":"$213.05"},{"v":0,"d":"$0.00"},{"v":0,"d":"$0.00"},{"v":312.11678500000005,"d":"$312.12"}]
[12,null,"PT3 Artificial Turf On (100mm Thick )Concrete w/\nSL72 Mesh\nImpact Attenuation Layer\nColour: Urban Active Plus",49.44,"M2",{"v":9.9975,"d":"$10.00"},{"v":494.2764,"d":"$494.28"},{"v":21.5,"d":"$21.50"},{"v":1062.96,"d":"$1,062.96"},{"v":0,"d":"$0.00"},{"v":0,"d":"$0.00"},{"v":1557.2364,"d":"$1,557.24"}]
[13,null,"Subgrade: 100mm Compacted To Achieve 97% Modified MDD",49.44,"M2",{"v":7.6725,"d":"$7.67"},{"v":379.3284,"d":"$379.33"},{"v":16.5,"d":"$16.50"},{"v":815.76,"d":"$815.76"},{"v":0,"d":"$0.00"},{"v":0,"d":"$0.00"},{"v":1195.0884,"d":"$1,195.09"}]
[14,null,"PT4: Modwood Decking Board",{"v":31.3,"d":"31.30"},"M2",{"v":6.277500000000001,"d":"$6.28"},{"v":196.48575000000002,"d":"$196.49"},{"v":13.5,"d":"$13.50"},{"v":422.55,"d":"$422.55"},{"v":0,"d":"$0.00"},{"v":0,"d":"$0.00"},{"v":619.03575,"d":"$619.04"}]
[15,null,"HDG Steel Joist Nom. 100x50mm @ 400mm O.C. (31 M2)",{"v":77.5,"d":"77.50"},"M",{"v":8.16075,"d":"$8.16"},{"v":632.458125,"d":"$632.46"},{"v":17.55,"d":"$17.55"},{"v":1360.125,"d":"$1,360.13"},{"v":0,"d":"$0.00"},{"v":0,"d":"$0.00"},{"v":1992.583125,"d":"$1,992.58"}]
[16,null,"HDG Steel Post 100x100mm (1.4m H)",{"v":22,"d":"22.00"},"EA",{"v":40.222500000000004,"d":"$40.22"},{"v":884.8950000000001,"d":"$884.90"},{"v":86.5,"d":"$86.50"},{"v":1903,"d":"$1,903.00"},{"v":0,"d":"$0.00"},{"v":0,"d":"$0.00"},{"v":2787.895,"d":"$2,787.90"}]
[17,null,"300mm Dia x 460mm H Conc. Footing",{"v":22,"d":"22.00"},"EA",{"v":53.568000000000005,"d":"$53.57"},{"v":1178.496,"d":"$1,178.50"},{"v":115.2,"d":"$115.20"},{"v":2534.4,"d":"$2,534.40"},{"v":0,"d":"$0.00"},{"v":0,"d":"$0.00"},{"v":3712.896,"d":"$3,712.90"}]
[18,null,"HDG Steel Bearers Nom. 200x75mm",{"v":16,"d":"16.00"},"M",{"v":19.2975,"d":"$19.30"},{"v":308.76,"d":"$308.76"},{"v":41.5,"d":"$41.50"},{"v":664,"d":"$664.00"},{"v":0,"d":"$0.00"},{"v":0,"d":"$0.00"},{"v":972.76,"d":"$972.76"}]
[19,null,"1000x500x500 Sandstone Blocks",{"v":17,"d":"17.00"},"EA",{"v":40.6875,"d":"$40.69"},{"v":691.6875,"d":"$691.69"},{"v":87.5,"d":"$87.50"},{"v":1487.5,"d":"$1,487.50"},{"v":0,"d":"$0.00"},{"v":0,"d":"$0.00"},{"v":2179.1875,"d":"$2,179.19"}]
[20,null,"CE: Concrete Edge (200mm x 100mm) w/\n200x100mm Steel Mesh",28.91,"M",{"v":10.9275,"d":"$10.93"},{"v":315.914025,"d":"$315.91"},{"v":23.5,"d":"$23.50"},{"v":679.385,"d":"$679.39"},{"v":0,"d":"$0.00"},{"v":0,"d":"$0.00"},{"v":995.299025,"d":"$995.30"}]
[21,null,"Control Joint",7.25,"M",{"v":3.5572500000000002,"d":"$3.56"},{"v":25.7900625,"d":"$25.79"},{"v":7.65,"d":"$7.65"},{"v":55.462500000000006,"d":"$55.46"},{"v":0,"d":"$0.00"},{"v":0,"d":"$0.00"},{"v":81.25256250000001,"d":"$81.25"}]
[22,null,"100x65mm Conc. Haunch",{"v":29,"d":"29.00"},"M",{"v":10.9275,"d":"$10.93"},{"v":316.8975,"d":"$316.90"},{"v":23.5,"d":"$23.50"},{"v":681.5,"d":"$681.50"},{"v":0,"d":"$0.00"},{"v":0,"d":"$0.00"},{"v":998.3975,"d":"$998.40"}]
[23,null,"Conc. Haunch @ Stone Boulder",{"v":0.4374,"d":"0.44"},"M2",{"v":15.64725,"d":"$15.65"},{"v":6.84410715,"d":"$6.84"},{"v":33.65,"d":"$33.65"},{"v":14.71851,"d":"$14.72"},{"v":0,"d":"$0.00"},{"v":0,"d":"$0.00"},{"v":21.56261715,"d":"$21.56"}]
[24,null,"(200mm W  x 400mm H) 150 Series Conc. Block Wall w/\r\n150 Series Conc. Capping Block",2.95,"M",{"v":20.692500000000003,"d":"$20.69"},{"v":61.04287500000001,"d":"$61.04"},{"v":44.5,"d":"$44.50"},{"v":131.275,"d":"$131.28"},{"v":0,"d":"$0.00"},{"v":0,"d":"$0.00"},{"v":192.31787500000002,"d":"$192.32"}]
[25,null,"Heelsafe Grate",{"v":2,"d":"2.00"},"EA",{"v":86.25750000000001,"d":"$86.26"},{"v":172.51500000000001,"d":"$172.52"},{"v":185.5,"d":"$185.50"},{"v":371,"d":"$371.00"},{"v":0,"d":"$0.00"},{"v":0,"d":"$0.00"},{"v":543.515,"d":"$543.52"}]
["",null,"Drainage Pipe"]
[26,null,"Unsleeved 100mm HDPE Subsoil Drain",{"v":21,"d":"21.00"},"M",{"v":10.4625,"d":"$10.46"},{"$f":"D44*F44","v":{"v":219.7125,"d":"$219.71"}},{"v":22.5,"d":"$22.50"},{"$f":"D44*H44","v":{"v":472.5,"d":"$472.50"}},{"v":0,"d":"$0.00"},{"$f":"D44*J44","v":{"v":0,"d":"$0.00"}},{"$f":"IF(D44=\"\",\"\",(G44+I44+K44))","v":{"v":692.2125,"d":"$692.21"}}]
[27,null,"Excavation",{"v":1.7010000000000003,"d":"1.70"},"M3",{"v":78.5,"d":"$78.50"},{"v":133.52850000000004,"d":"$133.53"},{"v":0,"d":"$0.00"},{"v":0,"d":"$0.00"},{"v":0,"d":"$0.00"},{"v":0,"d":"$0.00"},{"v":133.52850000000004,"d":"$133.53"}]
[28,null,"(200mm W x 405mm H ) 20mm Drainage Screenings",1.53,"M3",{"v":146.7075,"d":"$146.71"},{"v":224.462475,"d":"$224.46"},{"v":315.5,"d":"$315.50"},{"v":482.71500000000003,"d":"$482.72"},{"v":0,"d":"$0.00"},{"v":0,"d":"$0.00"},{"v":707.1774750000001,"d":"$707.18"}]
["",null,"Furniture"]
[29,null,"F01: Monaco Bench\r\nCode/Name: Monaco 62 Bench\r\nMaterials/Colour: Powder Coated Frame, Black Satin",{"v":3,"d":"3.00"},"EA",{"v":216.22500000000002,"d":"$216.23"},{"$f":"D48*F48","v":{"v":648.6750000000001,"d":"$648.68"}},{"v":465,"d":"$465.00"},{"$f":"D48*H48","v":{"v":1395,"d":"$1,395.00"}},{"v":0,"d":"$0.00"},{"$f":"D48*J48","v":{"v":0,"d":"$0.00"}},{"$f":"IF(D48=\"\",\"\",(G48+I48+K48))","v":{"v":2043.6750000000002,"d":"$2,043.68"}}]
[30,null,"F02 Monaco Seat\r\nCode/Name: Monaco 62 Seat\r\nMaterials/Colour: Powder Coated Frame, Black Satin",{"v":4,"d":"4.00"},"EA",{"v":192.97500000000002,"d":"$192.98"},{"v":771.9000000000001,"d":"$771.90"},{"v":415,"d":"$415.00"},{"v":1660,"d":"$1,660.00"},{"v":0,"d":"$0.00"},{"v":0,"d":"$0.00"},{"v":2431.9,"d":"$2,431.90"}]
[31,null,"F03 Tomaro Bin: Tamora-240L-1\r\nMaterials/Colour: Powder Coated Frame, Black Satin",{"v":3,"d":"3.00"},"EA",{"v":120.9,"d":"$120.90"},{"v":362.70000000000005,"d":"$362.70"},{"v":260,"d":"$260.00"},{"v":780,"d":"$780.00"},{"v":0,"d":"$0.00"},{"v":0,"d":"$0.00"},{"v":1142.7,"d":"$1,142.70"}]
["",null,"Softscapes"]
[32,null,"ST1 General Garden Bed\r\nCultivation: 100mm Depth\r\nTopsoil: 300mm Depth Topsoil A\r\nMulch: 75mm Depth 1 inch Hoop Pine Mulch ",57.57,"M2",{"v":10.9275,"d":"$10.93"},{"$f":"D52*F52","v":{"v":629.096175,"d":"$629.10"}},{"v":23.5,"d":"$23.50"},{"$f":"D52*H52","v":{"v":1352.895,"d":"$1,352.90"}},{"v":0,"d":"$0.00"},{"$f":"D52*J52","v":{"v":0,"d":"$0.00"}},{"$f":"IF(D52=\"\",\"\",(G52+I52+K52))","v":{"v":1981.991175,"d":"$1,981.99"}}]
[33,null,"ST2 Planting Within TPZ\r\nCultivation: 100mm Depth\r\nTopsoil: Topsoil A\r\nMulch: 75mm Depth 1 inch Hoop Pine Mulch ",28.53,"M2",{"v":9.0675,"d":"$9.07"},{"v":258.695775,"d":"$258.70"},{"v":19.5,"d":"$19.50"},{"v":556.335,"d":"$556.34"},{"v":0,"d":"$0.00"},{"v":0,"d":"$0.00"},{"v":815.0307750000001,"d":"$815.03"}]
["",null,"Landscaping"]
["","L-201\nL-202","Tree"]
[34,null,"HAR PEN: Tulip Wood\r\n- Species: Harpulia Pendula\r\n- Potsize: 45 L",{"v":3,"d":"3.00"},"EA",{"v":12.3225,"d":"12.32"},{"$f":"D56*F56","v":{"v":36.9675,"d":"$36.97"}},{"v":26.5,"d":"26.50"},{"$f":"D56*H56","v":{"v":79.5,"d":"$79.50"}},{"v":0,"d":"$0.00"},{"$f":"D56*J56","v":{"v":0,"d":"$0.00"}},{"$f":"IF(D56=\"\",\"\",(G56+I56+K56))","v":{"v":116.4675,"d":"$116.47"}}]
["",null,"Shrubs"]
[35,null,"COR PET: Broad Leafed Palm Lily\r\n- Species: Cordyline Petiolaris\r\n- Potsize: 200 mm",{"v":6,"d":"6.00"},"EA",{"v":7.6725,"d":"$7.67"},{"v":46.035000000000004,"d":"$46.04"},{"v":16.5,"d":"$16.50"},{"v":99,"d":"$99.00"},{"v":0,"d":"$0.00"},{"v":0,"d":"$0.00"},{"v":145.035,"d":"$145.04"}]
[36,null,"HYM LUS: Native Frangipani (DWARF)\r\n- Species: Hymenosporum Flavum 'Lushious'\r\n- Potsize: 200 mm",{"v":40,"d":"40.00"},"EA",{"v":5.3475,"d":"$5.35"},{"v":213.9,"d":"$213.90"},{"v":11.5,"d":"$11.50"},{"v":460,"d":"$460.00"},{"v":0,"d":"$0.00"},{"v":0,"d":"$0.00"},{"v":673.9,"d":"$673.90"}]
[37,null,"MEL AFF: Blue Tongue\r\n- Species: Melastoma Affine\r\n- Potsize: 250 mm",{"v":3,"d":"3.00"},"EA",{"v":7.2075000000000005,"d":"$7.21"},{"v":21.622500000000002,"d":"$21.62"},{"v":15.5,"d":"$15.50"},{"v":46.5,"d":"$46.50"},{"v":0,"d":"$0.00"},{"v":0,"d":"$0.00"},{"v":68.1225,"d":"$68.12"}]
["",null,"Grasses And Clumping"]
[38,null,"ALP CAE: Native Ginger\r\n- Species: Alpinia Caerulea\r\n- Potsize: 140 mm",{"v":33,"d":"33.00"},"EA",{"v":7.37025,"d":"$7.37"},{"v":243.21825,"d":"$243.22"},{"v":15.85,"d":"$15.85"},{"v":523.05,"d":"$523.05"},{"v":0,"d":"$0.00"},{"v":0,"d":"$0.00"},{"v":766.26825,"d":"$766.27"}]
[39,null,"DIA LJ: Little Jess Flax Lily\r\n- Species: Dianella Caerulea 'Little Jess'\r\n- Potsize: 140 mm",{"v":44,"d":"44.00"},"EA",{"v":8.20725,"d":"$8.21"},{"v":361.119,"d":"$361.12"},{"v":17.65,"d":"$17.65"},{"v":776.5999999999999,"d":"$776.60"},{"v":0,"d":"$0.00"},{"v":0,"d":"$0.00"},{"v":1137.719,"d":"$1,137.72"}]
[40,null,"LIR EG: Evergreen Giant\r\n- Species: Liriope 'Evergreen Giant'\r\n- Potsize: 140 mm",{"v":97,"d":"97.00"},"EA",{"v":7.5097499999999995,"d":"$7.51"},{"v":728.44575,"d":"$728.45"},{"v":16.15,"d":"$16.15"},{"v":1566.55,"d":"$1,566.55"},{"v":0,"d":"$0.00"},{"v":0,"d":"$0.00"},{"v":2294.99575,"d":"$2,295.00"}]
["",null,"Groundcovers"]
[41,null,"ADI HIS: Rosy Maidenhair Fern\r\n- Species: Adiantum Hispidulum\r\n- Potsize: 140 mm",{"v":12,"d":"12.00"},"EA",{"v":5.23125,"d":"$5.23"},{"v":62.775000000000006,"d":"$62.78"},{"v":11.25,"d":"$11.25"},{"v":135,"d":"$135.00"},{"v":0,"d":"$0.00"},{"v":0,"d":"$0.00"},{"v":197.775,"d":"$197.78"}]
[42,null,"CIS ANT: Kangaroo Vine\r\n- Species: Cissus Antarctica\r\n- Potsize: 140 mm",{"v":8,"d":"8.00"},"EA",{"v":6.812250000000001,"d":"$6.81"},{"v":54.498000000000005,"d":"$54.50"},{"v":14.65,"d":"$14.65"},{"v":117.2,"d":"$117.20"},{"v":0,"d":"$0.00"},{"v":0,"d":"$0.00"},{"v":171.698,"d":"$171.70"}]
[43,null,"MYO ELL: Coastal Myoporum\r\n- Species: Myoporum Ellipticum\r\n- Potsize: 140 mm",{"v":28,"d":"28.00"},"EA",{"v":6.114750000000001,"d":"$6.11"},{"v":171.21300000000002,"d":"$171.21"},{"v":13.15,"d":"$13.15"},{"v":368.2,"d":"$368.20"},{"v":0,"d":"$0.00"},{"v":0,"d":"$0.00"},{"v":539.413,"d":"$539.41"}]
[44,null,"GRE BR: Grevillea 'Bronze Rambler'\r\n- Species: Grevillea 'Bronze Rambler'\r\n- Potsize: 140 mm",{"v":8,"d":"8.00"},"EA",{"v":5.78925,"d":"$5.79"},{"v":46.314,"d":"$46.31"},{"v":12.45,"d":"$12.45"},{"v":99.6,"d":"$99.60"},{"v":0,"d":"$0.00"},{"v":0,"d":"$0.00"},{"v":145.914,"d":"$145.91"}]
[{"$nulls":10},"SUBTOTAL",{"$f":"SUM(L15:L69)","v":{"v":113256.80316464999,"d":"$113,256.80"}}]
[]
["SUBTOTAL CONSTRUCTION COST",{"$nulls":10},{"$f":"SUM(L11:L71)/2","v":{"v":120356.80316464999,"d":"$120,357"}}]
["PROFIT",{"$nulls":9},{"v":0.15,"d":"15%"},{"$f":"$L$72*K73","v":{"v":18053.520474697496,"d":"$18,054"}}]
["TOTAL PROJECT COST",{"$nulls":10},{"$f":"L72+L73","v":{"v":138410.32363934748,"d":"$138,410"}}]
["GST",{"$nulls":9},{"v":0.1,"d":"10%"},{"$f":"L74*K75","v":{"v":13841.032363934748,"d":"$13,841"}}]
["TOTAL PROJECT COST INCL. GST",{"$nulls":10},{"$f":"L74+L75","v":{"v":152251.35600328224,"d":"$152,251"}}]
["NOTES:"]
[null,"General Notes: The prices used while preparing the estimate were taken from Cordell Platinum online i.e. the standard pricing. So, it is preferred to review the prices."]
[]
[null,null,"Note",{"$nulls":5},"Legend"]
[null,1,"The drawings are scaled as per the mentioned scales on the plans.",{"$nulls":5},"KG's = Kilogram"]
[{"$nulls":8},"M2= Meter Square "]
[{"$nulls":8},"M = Meter"]
[{"$nulls":8},"EA = Each"]
[{"$nulls":8},"M3 = Meter Cube "]
[{"$nulls":8},"LOC = Location"]
[{"$nulls":8},"LS = Lum Sum"]